000 01559cam a22003014a 4500
001 13925689
005 20051005172836.0
008 050411s2009 ohua | b 001 0 eng d
020 _a0324593899
020 _a9780324593891
040 _aDLC
_cDLC
_dDLC
042 _apcc
050 0 0 _aHG4529.5
_b.S76 2006
082 0 0 _a332.6
_222
_bSTR
100 1 _aStrong, Robert A.
_913349
245 1 0 _aPortfolio Construction, Management, and Protection /
_cRobert A. Strong.
250 _a5th ed.
260 _aAustralia :
_bThomson/South-Western, 2009
_cc2009.
300 _axvi, 704 p. :
_bill. ;
_c27 cm.
504 _aIncludes bibliographical references and index.
650 0 _aPortfolio management.
_913350
942 _2ddc
_cBB
999 _c13843
_d13843